Петербургские трущобы: Книга о сытых и голодных : Роман в 6 ч.; Части 1-4, гл. 1-58

Detalhes bibliográficos
Autor principal: Крестовский В. В. Всеволод Владимирович
Outros Autores: Скачков И. В. (редактор)
Idioma:russo
Publicado em: Москва, Правда, 1990
Assuntos:
Formato: MixedMaterials Livro
KOHA link:https://koha.lib.tpu.ru/cgi-bin/koha/opac-detail.pl?biblionumber=114098

MARC

LEADER 00000nam0a2200000 4500
001 114098
005 20231031122140.0
010 |a 5253000283 
020 |a RU  |b 90-44273 
035 |a (RuTPU)RU\TPU\book\123395 
090 |a 114098 
100 |a 20070419d1990 m y0rusy5003 ca 
101 0 |a rus 
102 |a RU 
105 |a y z 000ay 
200 1 |a Петербургские трущобы  |e Книга о сытых и голодных : Роман в 6 ч.  |f В. В. Крестовский  |g [Общ. ред. и вступ. ст., с. 3-20, И. В. Скачкова]  |h Части 1-4, гл. 1-58 
210 |a Москва  |c Правда  |d 1990 
215 |d 21 см  |a 734 с. 
610 1 |a Петербург 
610 1 |a 19 век 
610 1 |a русская литература 
610 1 |a исторические романы 
675 |a Р1  |z rus  |v 3 
700 1 |a Крестовский  |b В. В.  |g Всеволод Владимирович 
702 1 |a Скачков  |b И. В.  |4 340 
801 0 |a RU  |b RuMRKP  |c 19950417  |g psbo 
801 1 |a RU  |b 63413507  |c 20070419  |g PSBO 
801 2 |a RU  |b 63413507  |c 20070419  |g PSBO 
942 |c BK